Černé léto /

Hlavní autor: Simmons, Dan, 1948-2026
Další autoři: Reitmayer, Ivo
Jazyk: Čeština
Vydáno: Plzeň : Perseus, 1999
Vydání: 1. vyd.
Témata:
Fyzický popis: 2 sv. ; 17 cm
Odebírané svazky: 1-2
Knihy
Uloženo v:
LEADER 01363nam a2200397 aa4500
001 000439159
003 CZ BrMZK
005 20260219103910.0
007 ta
008 990315s1999 xr g f cze d
015 |a cnb000782037 
020 |a 80-86030-86-5  |q (sv. 1 :  |q brož.) :  |c Kč 199,00 
020 |a 80-86030-89-X  |q (sv. 2 :  |q brož.) :  |c Kč 99,00 
035 |a (OCoLC)43808060 
040 |a BOA001  |b cze 
041 1 |a cze  |h eng 
072 7 |a 821.111(73)-3  |x Americká próza  |2 Konspekt  |9 25 
080 |a 821.111(73)-31  |2 MRF 
080 |a (0:82-312.4)  |2 MRF 
100 1 |a Simmons, Dan,  |d 1948-2026  |7 ola2002112695  |4 aut 
245 1 0 |a Černé léto /  |c Dan Simmons ; [z anglického originálu ... přeložil Ivo Reitmayer] 
250 |a 1. vyd. 
260 |a Plzeň :  |b Perseus,  |c 1999 
300 |a 2 sv. ;  |c 17 cm 
505 0 |a sv. 1. 1999. 510 s. -- sv. 2. 1999. 152 s. 
655 7 |a americké romány  |7 fd131796  |2 czenas 
655 7 |a horory (romány)  |7 fd184202  |2 czenas 
655 9 |a American fiction  |2 eczenas 
655 9 |a horror novels  |2 eczenas 
700 1 |a Reitmayer, Ivo  |7 ola2005284392  |4 trl 
765 0 |t Summer of night  |9 Česky 
910 |a BOA001  |b 1-1063.649  |s 1-2 
920 |a 000453499 
990 |a BK 
991 |f B-SIM 
996 6 |b 2610101161  |c 1-1063.649  |d Sv. 1  |v 1  |l MZK  |r Sklad / do 1 hodiny  |n 20  |p p.v.  |w 000439159  |u 000010  |a 1  |e BOA001  |j MZK50  |s P